01077 2200385 4500001002100000005001500021035002000036007000300056040001600059100003800075245007900113250001000192300003300202020002200235041000800257082001400265084001400279090001900293264002800312336002100340337003000361338002300391650001000414850001000424008004100434700004800475504002600523990001900549990002300568990002300591990002000614990002000634990002200654990001500676INLIS00000000000476920260523111700 a0010-0122000401ta aSPBUPDbind0 aMuhammad Khalid TsabitePengarang1 aQuantum Ridha /cMuhammad Khalid Tsabit.; Penerjemah, Kamran As'ad Irsyady aCet.1 av 335 hlm :bilus ;c23,8 cm a978-979-9392-19-0 aind a2x4 MUH q a2x4 MUH q a900 DIN m 25-1 aJakarta :bAmzah,c2009 2rdacontentaTeks 2rdamediaaTanpa Perantara 2rdacarrieraVolume 4aAgama aPUPAD260523 0  aPenerjemah, Kamran As'ad IrsyadyePengarang aBibliografi, hlm 353 a18.374/Br/2013 a17.057/Br/KAPD2011 a18.373/Br/KAPD2011 a096/Br/KAPD2011 a095/Br/KAPD2011 a18.372Br/KAPD2011 a17058/2012